Festschrift 100 Jahre Zahnmedizin an der Universität Greifswald
| Titel: | Festschrift 100 Jahre Zahnmedizin an der Universität Greifswald : mit Register der Studenten, Mitarbeiter und Helferinnen / [Ernst-Moritz-Arndt-Universität Greifswald. Hrsg.: Der Rektor der Ernst-Moritz-Arndt-Universität, Greifswald]. Red. Siegfried Hensel und Fritz-Ulrich Meyer] |
|---|---|
| Beteiligt: | |
| Körperschaft: | |
| Veröffentlicht: | Greifswald : Ernst-Moritz-Arndt-Univ., 2000 |
| Umfang: | 124 S. : Ill. ; 21 cm |
| Format: | Buch |
| Sprache: | Deutsch |
| Schriftenreihe/ mehrbändiges Werk: |
Lege artis |
| RVK-Notation: | |
| ISBN: | 3860061453 |
| Hinweise zum Inhalt: |
Inhaltsverzeichnis
|
alg: 9425306 001A $06000:01-11-00 001B $01999:22-10-20 $t11:33:40.000 001D $03032:12-04-01 001U $0utf8 001X $00 002@ $0Aau 003@ $0094253064 003O $047812379 $aOCoLC 004A $03-86006-145-3 $fkart. 006G $0959949933 006U $000,B46,0416 007A $0959949933 $aDNB 007G $0DE020B805BB02404ADEB8C12586080030063C 007T $0Herd40853 009P $qapplication/pdf $A2 $3Inhaltsverzeichnis $uhttp://scans.hebis.de/HEBCGI/show.pl?09425306_toc.pdf $mV:DE-603;B:DE-Mb50 010@ $ager 011@ $a2000 $n2000 015@ $00 017A $asf 021A $aFestschrift 100 Jahre Zahnmedizin an der Universität Greifswald $dmit Register der Studenten, Mitarbeiter und Helferinnen $h[Ernst-Moritz-Arndt-Universität Greifswald. Hrsg.: Der Rektor der Ernst-Moritz-Arndt-Universität, Greifswald]. Red. Siegfried Hensel und Fritz-Ulrich Meyer] 028C $BRed. $#Hensel, S. $7 $8Hensel, Siegfried [Tnd] $9141631538 029A $RPreußische Universität zu Greifswald $RUniversität Greifswald $#EMAU $#Arndt-Universität $#Preußische Ernst-Moritz-Arndt-Universität $#Ernst Moritz Arndt University $#Universität Greifswald Ernst-Moritz-Arndt-Universität Greifswald $#Univ. Greifswald $#Université de Greifswald $#University of Greifswald $#Uniwersytet w Greifswaldzie $#EMAUG $#Ernst-Moritz-Arndt-Universität $736158-6 $8Ernst-Moritz-Arndt-Universität Greifswald [Tb1] $9040365921 033A $pGreifswald $nErnst-Moritz-Arndt-Univ. 034D $a124 S. 034I $a21 cm 034M $aIll. 036G $aLege artis 044K $RErnst-Moritz-Arndt-Universität Greifswald $#Uni Greifswald $#University of Greifswald $#Université de Greifswald $#Uniwersytet w Greifswaldzie $71168504872 $8Universität Greifswald [Tb1] $9437355888 044K $RZahnkrankheit $RStomatologie $#Dentistry $#Odontostomatologie $#Odontoiatria $#Odontología $#Dentistry $#Zahnmedizin $#Odontologie $#Zahn-, Mund- und Kieferheilkunde $#Zahn-Mund-Kieferheilkunde $#Zahnheilkunde $74079454-4 $8Zahnmedizin [Ts1] $9085225983 044K $RMecklenburg-Vorpommern $#Pommern $#Pommern $#Herzogtum Pommern $#Herzogthum Pommern $#Provinz Pommern $#Pomorze $74046744-2 $8Pommern [Tg1] $9085130354 044K $#Medicine $#Médecine $#Humanmedizin $#Heilkunst $#Medicine $74038243-6 $8Medizin [Ts1] $9085104442 045E $a33 $a22 045F $a610.9438160904 $eDDC23BSB 045F/01 $a610.9 045F/03 $f0904 045F/03 $g43816 045R $aGeschichte 1900-2000 045Z $8XB 3597 [Tkv] $9412926954 lok: 9425306 24 exp: 9425306 24 1 #EPN 201B/01 $020-07-20 $t08:03:07.000 201C/01 $008-07-20 201U/01 $0utf8 203@/01 $01114471143 208@/01 $a20-07-20 $bz 209A/01 $a20.01993 $du $f050 $h20 01993 $x00 209C/01 $a20.01993 T $h20 01993 T 209G/01 $a74187811 $x00 220C/01 $ahae 247C/01 $8358050-7Marburg, Bibliothek des Herder-Instituts Marburg $9102600961 lok: 9425306 78 exp: 9425306 78 1 #EPN 201B/01 $020-12-17 $t22:59:32.000 201U/01 $0utf8 203@/01 $0791949524 208@/01 $a12-11-16 $be 209A/01 $a/ $f000 $x00 220C/01 $aTitelaufnehmer: nk;ek 244Z/01 $2Trx $#Pomeranija $#Pommern $#Pomoransko $#Pomořansko $#Hinterpommern;Vorpommern;Mittelpommern $#Pomorze Środkowe;Pomorze Przednie $#Pomořansko;Západní Pomořany; Pomořany $8--Trx--Pomorze Zachodnie $x01 $9391303775 244Z/01 $#Greifswald $#Gryphisvaldia $#Universitäts- und Hansestadt Greifswald $#Hansestadt Greifswald $#Gryphiswaldiae $#Greifsvaldas $#Gryfia $#Gryphia $74021965-3 $8--Tg1--Greifswald $x02 $9085053651 244Z/01 $aGeschichte 1900-2000 $x03 244Z/01 $2Trx $#meditsiin teadus $#medicina mokslas $#medicin $#orvostudomány $#medycyna nauka $#lekárstvo veda $#lékařství věda $8--Trx--Medizin$gWissenschaft $x04 $9391373633 244Z/01 $2Trx $#ülikoolid $#universitetai $#universitāte $#Universities $#egyetemek $#uniwersytety $#univerzity $#univerzity $#Hochschulen $#vysoké školy $8--Trx--Universitäten $x05 $9391373862 244Z/01 $2Trx $#dzieło zbiorowe $8--Trx--Sammelwerk $x06 $9391384597 244Z/01 $2Trx $#księga pamiątkowa $8--Trx--Festschrift $x07 $9391352946 244Z/01 $2Trx $#Poola $#Lenkija $#Polija $#Polen Land $#Poland $#Lengyelország $#Poľsko $#Polsko $8--Trx--Polska$gkraj $x08 $9391345966 244Z/01 $2Trx $#teadused üldine $#mokslas bendras $#sciences $#tudományok általános $#nauka ogólnie $#vedy všeobecne $#vědy všeobecně $8--Trx--Wissenschaften$gallgemein $x09 $9391356720 245Z/01 $a01.03 $x01 247C/01 $82080>Marburg/Lahn, Herder-Institut, Forschungsbibliothek, Bibliographieportal $9336309341
| LEADER | 00000cam a2200000 c 4500 | ||
|---|---|---|---|
| 001 | 094253064 | ||
| 003 | DE-603 | ||
| 005 | 20201022113340.0 | ||
| 007 | tu | ||
| 008 | 001101s2000 xx |||| | u00||u|ger | ||
| 015 | |a 00,B46,0416 |2 dnb | ||
| 016 | 7 | |2 DE-101 |a 959949933 | |
| 020 | |a 3860061453 |c kart. | ||
| 035 | |a (DE-599)DNB959949933 | ||
| 035 | |a (OCoLC)47812379 | ||
| 040 | |a DE-603 |b ger |c DE-603 |d DE-603 | ||
| 041 | |a ger | ||
| 082 | 0 | 4 | |8 1\u |a 610.9438160904 |q DE-101 |2 23/BSB |
| 084 | |a 33 |a 22 |q DE-101 |2 sdnb | ||
| 084 | |a XB 3597 |0 (DE-625)152457:13006 |0 (DE-603)412926954 |2 rvk | ||
| 085 | |8 1\u |b 610.9 | ||
| 085 | |8 1\u |z 1 |s 0904 | ||
| 085 | |8 1\u |z 2 |s 43816 | ||
| 090 | |a b | ||
| 110 | 2 | |a Ernst-Moritz-Arndt-Universität Greifswald |0 (DE-603)040365921 |0 (DE-588)36158-6 |2 gnd | |
| 245 | 0 | 0 | |a Festschrift 100 Jahre Zahnmedizin an der Universität Greifswald |b mit Register der Studenten, Mitarbeiter und Helferinnen |c [Ernst-Moritz-Arndt-Universität Greifswald. Hrsg.: Der Rektor der Ernst-Moritz-Arndt-Universität, Greifswald]. Red. Siegfried Hensel und Fritz-Ulrich Meyer] |
| 264 | 1 | |a Greifswald |b Ernst-Moritz-Arndt-Univ. |c 2000 | |
| 300 | |a 124 S. |b Ill. |c 21 cm | ||
| 490 | 0 | |a Lege artis | |
| 610 | 1 | 7 | |a Universität Greifswald |2 gnd |0 (DE-588)1168504872 |0 (DE-603)437355888 |
| 648 | 7 | |a Geschichte 1900-2000 |2 gnd | |
| 650 | 7 | |a Zahnmedizin |0 (DE-588)4079454-4 |0 (DE-603)085225983 |2 gnd | |
| 650 | 7 | |a Medizin |0 (DE-588)4038243-6 |0 (DE-603)085104442 |2 gnd | |
| 651 | 7 | |a Pommern |0 (DE-588)4046744-2 |0 (DE-603)085130354 |2 gnd | |
| 700 | 1 | |a Hensel, Siegfried |e Red. |4 red |0 (DE-603)141631538 | |
| 856 | 4 | 2 | |m V:DE-603;B:DE-Mb50 |q application/pdf |u http://scans.hebis.de/HEBCGI/show.pl?09425306_toc.pdf |3 Inhaltsverzeichnis |
| 924 | 0 | |9 Mb 50 |a (DE-603)1114471143 |b DE-Mb50 |c HES |d c |g 20.01993 | |
| 924 | 0 | |9 2080 |a (DE-603)791949524 |b DE-2080 |c HES |d d |g / | |


